| 000 | 006710000a22002290004500 | ||
|---|---|---|---|
| 003 | LK-CoMWRAF | ||
| 005 | 20230921133042.0 | ||
| 008 | 230817t1992 ||||| |||| 00| 0 eng d | ||
| 020 | _a0333516362 | ||
| 040 |
_aLK-CoMWRAF _dLK-CoMWRAF _eLK-CoMWRAF |
||
| 041 | _aeng | ||
| 082 |
_a305.4 _bBRY |
||
| 100 | _aBryson, Valerie | ||
| 245 | _aFeminist Political Theory: An Introduction | ||
| 260 |
_aLondon: _bMacmillan, _c1992 |
||
| 300 |
_axiii, 304 p. ; 23 cm. _bBibliography and index included |
||
| 490 | _aWomen in Society: A Feminist List | ||
| 650 | _aFEMINIST THEORY | ||
| 650 | _aFeminism -- United States | ||
| 650 | _aFeminism -- Great Britain | ||
| 942 | _cBK | ||
| 999 |
_c240 _d240 |
||